00848nam a2200217 a 4500001001000000003000500010005001700015008004100032010001100073011001100084040000900095100003800104245022100142260003700363300002600400502008000426650003300506650003200539650003600571650002300607000111733CHAP20220329144226.0150722s2015 mx a |rm |0|||||spa d a108194 a109166 cCHAP1 aMontañez Vázquez, Juan Carlos10aAplicación de ceratión, graneril y lindano para el control del gorgojo de la semilla del tamarindo (Curcyedon serratus Oliver) (Coleoptera: Curcurlionidae), en laboratorio /cpor Juan Carlos Montañez Vázquez. aCocula, Gro. :bEl autor,c2015. a50 h. :bil, gráfs. aTesis (Ing. Agr. Fitotecnista) -- CSAEGRO. Centro de Estudios Profesionales14aCurcyedon serratusxControl.14aInsecticidasxAplicación.14aInsecticidasxEfecto en plagas.14aTamarindoxPlagas.